| 000 | 01022cam a22003014a 4500 | ||
|---|---|---|---|
| 001 | 13899638 | ||
| 003 | OSt | ||
| 005 | 20170105113126.0 | ||
| 008 | 050315s2006 njua 001 0 eng | ||
| 010 | _a 2005007487 | ||
| 020 | _a81-317-1246-X | ||
| 040 |
_aDLC _cDLC _dDLC |
||
| 042 | _apcc | ||
| 050 | 0 | 0 |
_aTJ1185 _b.M224 2006 |
| 082 | 0 | 0 |
_a670.42/3 _222 |
| 245 | 0 | 0 |
_aMachine tool practices / _cRichard R. Kibbe ... [et al.]. |
| 250 | _a8th ed. | ||
| 260 |
_aUpper Saddle River, N.J. : _bPearson Prentice Hall, _cc2007. |
||
| 300 |
_aviii, 855 p. : _bill. (some col.) ; _c28 cm. |
||
| 500 | _aIncludes index. | ||
| 650 | 0 | _aMachine-tools. | |
| 650 | 0 | _aMachine-shop practice. | |
| 700 | 1 | _aKibbe, Richard R. | |
| 856 | 4 | 1 |
_3Table of contents _uhttp://www.loc.gov/catdir/toc/ecip059/2005007487.html |
| 906 |
_a7 _bcbc _corignew _d1 _eecip _f20 _gy-gencatlg |
||
| 942 |
_2ddc _cBK |
||
| 999 |
_c34164 _d34164 |
||